[Event "Niedersachsen-ch open"]
[Site "Verden"]
[Date "2010.01.04"]
[Round "3.75"]
[White "Stuppenhagen, Tim"]
[Black "Menze, Gerold"]
[Result "0-1"]
[WhiteElo "1036"]
[BlackElo "1400"]
[PlyCount "146"]
[EventDate "2010.01.03"]
[EventType "swiss"]
[EventRounds "7"]
[EventCountry "GER"]
[SourceTitle "EXT 2012"]
[Source "ChessBase"]
[SourceDate "2011.11.24"]
[SourceVersion "1"]
[SourceVersionDate "2011.11.24"]
[SourceQuality "1"]

1. e4 e5 2. Nf3 f6 3. d4 d6 4. Nc3 Bg4 5. Be2 Bxf3 6. Bxf3 Ne7 7. 0-0 Ng6 8. d5 Nd7 9. Be3 Be7 10. Bh5 Ndf8 11. f4 exf4 12. Bxf4 c6 13. Qe2 Qc7 14. dxc6 Qxc6 15. Qb5 0-0-0 16. Bg4+ Kb8 17. Qxc6 bxc6 18. b4 Nxf4 19. Rxf4 Ng6 20. Rf2 Ne5 21. Be2 Rd7 22. Rb1 Bd8 23. Kf1 Bb6 24. Rf5 Rf8 25. b5 g6 26. bxc6 Nxc6 27. Rfb5 f5 28. exf5 Nd4 29. Rd5 Nxf5 30. Ke1 Ne3 31. Rd3 Nxg2+ 32. Kd1 Nf4 33. Rf3 Rdf7 34. Kd2 Kc8 35. Ba6+ Kd8 36. Bc4 Rf5 37. Rbf1 g5 38. Nd5 Ba5+ 39. Kd1 Re5 40. Nxf4 Rxf4 41. Rxf4 gxf4 42. Be2 Rf5 43. Rg1 Ke7 44. Rg7+ Rf7 45. Rxf7+ Kxf7 46. c4 Ke6 47. Bd3 h6 48. Ke2 Ke5 49. Kf3 Bd2 50. a3 Kd4 51. Be2 Kc3 52. Kg4 Kb3 53. Kh5 Kxa3 54. Bf3 Kb4 55. Kxh6 a5 56. Kg6 a4 57. h4 a3 58. h5 a2 59. h6 a1Q 60. h7 Bc3 61. c5 dxc5 62. Bd5 Bh8 63. Kg5 Qe5+ 64. Kg4 Qxd5 65. Kxf4 Qh5 66. Kg3 Qg5+ 67. Kf3 Qf5+ 68. Kg3 Be5+ 69. Kg2 Qf4 70. Kg1 Qd2 71. Kf1 c4 72. Kg1 Qe2 73. Kh1 Qh2# 0-1